000 00666nam a2200205Ia 4500
003 IN-BaIIA
008 211028s9999 xx 000 0 eng d
040 _cIIA Library
080 _a(035)621
_bSAL
245 0 _aKent's mechanical engineers handbook
_bvol. 2
_cedited by Keneth J. Salisbury
250 _a12th ed
260 _aNew York
_bWiley
_c1967
300 _a[various pagings.]
490 _aWiley engineering handbook series
650 _aHandbooks-Mechanical Engineering
_95454
650 _aMechanical Engineering Handbooks
_95455
650 _aNASA Thesaurus
700 _aSalisbury, Keneth J., ed.
_95456
942 _cBK
999 _c3068
_d3068